000 00767nam a2200229Ii 4500
003 JO-AjNU
008 230605s9999||||xx |||||||||||||| ||und||
017 _a2003/9/1975
020 _a9957-11-337-2
040 _aJO-AjNU
_bara
_erda
_cJO-AjNU
041 _aara
050 1 4 _aTK510505.H87 2007
100 3 _aالحسني، جعفر صادق/م مشارك سرحان داود,
_eauthor
_929210
245 0 0 _aتكنولوجيا شبكات الحاسوب =Computer Networks Technology
250 _aط3
264 3 1 _aعمان:دار وائل للنشر، 2007
300 _a248ص
336 _atext
_btxt
_2rdacontent
337 _aunmediated
_bn
_2rdamedia
338 _avolume
_bnc
_2rdacarrier
650 4 _aالحواسيب-شبكات الحاسوب
_929211
999 _aA11426
_c14994
_d14994